BUBT Library Online Catalog

Multimedia communication systems: techniques , standards and networis. (Record no. 328)

000 -LEADER
fixed length control field 00859nam a22002657a 4500
008 - FIXED-LENGTH DATA ELEMENTS--GENERAL INFORMATION
fixed length control field 130507b xxu||||| |||| 00| 0 eng d
020 ## - INTERNATIONAL STANDARD BOOK NUMBER
International Standard Book Number 81-203-2145-6
024 ## - OTHER STANDARD IDENTIFIER
Terms of availability Available
037 ## - SOURCE OF ACQUISITION
Terms of availability Available
040 ## - CATALOGING SOURCE
Original cataloging agency MBSTU LIBRARY
Modifying agency MBSTU LIBRARY
082 ## - DEWEY DECIMAL CLASSIFICATION NUMBER
Edition number 22
Classification number 006.7 RAM
100 ## - MAIN ENTRY--PERSONAL NAME
Personal name Rao, K.R.
110 ## - MAIN ENTRY--CORPORATE NAME
Corporate name or jurisdiction name as entry element Zoran S. Bajkovic and Dragorad A. Milovanovic.
245 ## - TITLE STATEMENT
Title Multimedia communication systems: techniques , standards and networis.
260 ## - PUBLICATION, DISTRIBUTION, ETC. (IMPRINT)
Place of publication, distribution, etc. New Delhi
Name of publisher, distributor, etc. Prentice Hall of India Private Ltd.
Date of publication, distribution, etc. 2005
300 ## - PHYSICAL DESCRIPTION
Extent 24 cm.
Other physical details 545 page
Type of unit 10
Size of unit 24 cm.
600 ## - SUBJECT ADDED ENTRY--PERSONAL NAME
Personal name Multimedia systems.
650 ## - SUBJECT ADDED ENTRY--TOPICAL TERM
Source of heading or term Multimedia systems.
700 ## - ADDED ENTRY--PERSONAL NAME
Personal name Rao, K.R.
710 ## - ADDED ENTRY--CORPORATE NAME
Corporate name or jurisdiction name as entry element Zoran S. Bajkovic and Dragorad A. Milovanovic.
270 ## - ADDRESS
Address New Delhi
City New Delhi
Country India
365 ## - TRADE PRICE
Price amount 425.00
Unit of pricing 425.00
942 ## - ADDED ENTRY ELEMENTS (KOHA)
Source of classification or shelving scheme
Koha item type Books

No items available.

More Information About Library

Library Hours

  • Open: 9.00 am. to 9.00 pm.
  • Only Sunday: 9.00 am. to 6.00 pm.
  • Closed: Holiday

Contact to the University

Bangladesh University of Business and Technology Library

  • Mirpurl-2, 1216.
  • Phone:
  • Fax:
  • E-Mail: admin.library@bubt.edu.bd

Contact to the Library

Contact Person:

Md. Abdul Hakim Shah
Joint Librarian
PABX No:  113
Cell No: 01816332931
E-mail: official: admin.library@bubt.edu.bd
Personal: hakim.shah@bubt.edu.bd


BUBT Library

Copyright © 2021